Foundations of interprofessinal collaborative practice in health care / Margaret M. Slusser, PhD, RN, Luis I. Garcia, PhD, Carole-Rae Reed, PhD, RN, APN-BC, Patricia Quinn McGinnis, PT, MS, PhD. (Record no. 21479)

000 -LEADER
fixed length control field 00923nam a22002177a 4500
020 ## - INTERNATIONAL STANDARD BOOK NUMBER
ISBN 9780323462419
082 ## - DEWEY DECIMAL CLASSIFICATION NUMBER
Classification number 610.711
Item number Sl6349 2019
100 ## - MAIN ENTRY--AUTHOR NAME
Personal name Slusser, Margaret M., author.
245 ## - TITLE STATEMENT
Title Foundations of interprofessinal collaborative practice in health care / Margaret M. Slusser, PhD, RN, Luis I. Garcia, PhD, Carole-Rae Reed, PhD, RN, APN-BC, Patricia Quinn McGinnis, PT, MS, PhD.
260 ## - PUBLICATION, DISTRIBUTION, ETC. (IMPRINT)
Place of publication St. Louis, MO :
Name of publisher Elsevier,
Year of publication ©2019.
300 ## - PHYSICAL DESCRIPTION
Number of Pages xxi, 257 pages :
Other physical details color illustrations ; 24 cm.
500 ## - GENERAL NOTE
General note Includes bibliographical references and index.
650 ## - SUBJECT ADDED ENTRY--TOPICAL TERM
Topical Term Interprofessional education (Health professions).
650 ## - SUBJECT ADDED ENTRY--TOPICAL TERM
Topical Term Interprofessional relations.
650 ## - SUBJECT ADDED ENTRY--TOPICAL TERM
Topical Term Health care teams.
650 ## - SUBJECT ADDED ENTRY--TOPICAL TERM
Topical Term Collaborative practice in health care.
650 ## - SUBJECT ADDED ENTRY--TOPICAL TERM
Topical Term Health professions -- Teamwork.
650 ## - SUBJECT ADDED ENTRY--TOPICAL TERM
Topical Term Health professions education.
650 ## - SUBJECT ADDED ENTRY--TOPICAL TERM
Topical Term Medical ethics -- Study & teaching.
942 ## - ADDED ENTRY ELEMENTS (KOHA)
Koha item type Books
Holdings
Source of acquisition Permanent Location Date acquired Koha item type Collection code Accession Number Lost status Shelving location Withdrawn status Current Location Full call number
SchoolCagayan State University - Carig Library2025-10-24BooksMedicineM002698 Medical Library Cagayan State University - Carig Library610.711 Sl6349 2019

Cagayan State University University Library, Carig Campus
Tuguegarao City, Cagayan 3500 | www.csucarig.edu.ph

Powered by Koha